ბათუმის შოთა რუსთაველის სახელმწიფო უნივერსიტეტის ბიბლიოთეკა

Dulcie's Taste of Magic (ბიბ.ჩანაწერი № 46973)

000 -LEADER
fixed length control field 00443nam a2200193Ia 4500
001 - CONTROL NUMBER
control field 13827
003 - CONTROL NUMBER IDENTIFIER
control field GE_BSU
008 - FIXED-LENGTH DATA ELEMENTS--GENERAL INFORMATION
fixed length control field 181216s||||||||xx |||||||||||||| ||und||
020 ## - INTERNATIONAL STANDARD BOOK NUMBER
International Standard Book Number 9780007223084
040 ## - CATALOGING SOURCE
Transcribing agency GE_BSU
080 ## - UNIVERSAL DECIMAL CLASSIFICATION NUMBER
Universal Decimal Classification number 82-93
100 ## - MAIN ENTRY--PERSONAL NAME
Personal name Herman,Cail
245 ## - TITLE STATEMENT
Title Dulcie's Taste of Magic
260 ## - PUBLICATION, DISTRIBUTION, ETC.
Place of publication, distribution, etc. London
260 ## - PUBLICATION, DISTRIBUTION, ETC.
Name of publisher, distributor, etc. Harper Collins Children's book
300 ## - PHYSICAL DESCRIPTION
Extent 87p.19cm.
653 ## - INDEX TERM--UNCONTROLLED
Uncontrolled term Dulcie's Taste of Magic
942 ## - ADDED ENTRY ELEMENTS (KOHA)
Koha item type წიგნი
ეგზემპლარები
Withdrawn status Lost status Damaged status Not for loan Date acquired Barcode Date last seen Price effective from Koha item type
        2018-12-17 37177 2018-12-17 2018-12-17 წიგნი